| 000 | 00663nam a2200217Ia 4500 | ||
|---|---|---|---|
| 003 | GCL | ||
| 008 | 140319s9999 xx 000 0 ara d | ||
| 040 |
_aGCL / _cGCL |
||
| 082 | 0 | 4 |
_a379.47 _bم ت |
| 100 | 1 | _aى.ن.ميدنسكى | |
| 245 | 1 | 0 |
_aالتعليم العام فى الاتحاد السوفيتى / _cى.ن.ميدنسكى |
| 700 | 1 | _aممدوح اباظة | |
| 300 | _a165 ص | ||
| 490 | _a | ||
| 650 | 0 | 4 | _aالاتحاد السوفيتى |
| 650 | 0 | 4 | _aالمدرسة الابتدائية |
| 650 | 0 | 4 | _aالتعليم العام |
| 650 | 0 | 4 | _aالمدرسة المتوسطة |
| 650 | 0 | 4 | _aالمدرسة الثانوية |
| 942 |
_2ddc _cBK |
||
| 999 |
_c38451 _d38451 |
||